University Home | Library Home | Institutional Repository

Theory of psychoanalytic technique. (Record no. 65674)

MARC details
000 -LEADER
fixed length control field 00811cam9a220025300 4500
001 - CONTROL NUMBER
control field tmp15678461
003 - CONTROL NUMBER IDENTIFIER
control field UPRA
005 - DATE AND TIME OF LATEST TRANSACTION
control field 20190815103334.0
008 - FIXED-LENGTH DATA ELEMENTS--GENERAL INFORMATION
fixed length control field 951002s1961 nyu eng u
035 ## - SYSTEM CONTROL NUMBER
System control number (Sirsi) r77502
035 ## - SYSTEM CONTROL NUMBER
System control number (UPRA)tmp15678461
040 ## - CATALOGING SOURCE
Transcribing agency UPRA
100 1# - MAIN ENTRY--PERSONAL NAME
Personal name Menninger, Karl Augustus.
Linkage A37419.1
245 10 - TITLE STATEMENT
Title Theory of psychoanalytic technique.
260 ## - PUBLICATION, DISTRIBUTION, ETC.
Place of publication, distribution, etc. New York :
Name of publisher, distributor, etc. Science Editions,
Date of publication, distribution, etc. 1961.
440 #0 - SERIES STATEMENT/ADDED ENTRY--TITLE
Title Menninger clinic monograph series ;
Volume/sequential designation ;no. 12
Linkage S2818.2
500 ## - GENERAL NOTE
General note First published in 1958.
504 ## - BIBLIOGRAPHY, ETC. NOTE
Bibliography, etc. note Bibliography: p. [181]- 189.
650 #0 - SUBJECT ADDED ENTRY--TOPICAL TERM
Topical term or geographic name entry element Psychoanalysis.
Linkage S3157.1
650 #0 - SUBJECT ADDED ENTRY--TOPICAL TERM
Topical term or geographic name entry element Psychoanalytic technique.
Linkage S29444.1
949 ## - LOCAL PROCESSING INFORMATION (OCLC)
a RC504
w lcc
i 33729000407739
m MAIN
t BOOK
l ON-SHELF
949 ## - LOCAL PROCESSING INFORMATION (OCLC)
a RC504
w lcc
i -106351
m MAIN
t BOOK
l ON-SHELF

No items available.

© 2026 - The University of Zambia Library - Koha v25.11